MARC details
| 000 -CABECERA |
| campo de control de longitud fija |
02474nam a2200325 i 4500 |
| 001 - NÚMERO DE CONTROL |
| campo de control |
000020686 |
| 003 - IDENTIFICADOR DEL NÚMERO DE CONTROL |
| campo de control |
DO-SdBNP |
| 005 - FECHA Y HORA DE LA ÚLTIMA TRANSACCIÓN |
| campo de control |
20250422141550.0 |
| 007 - CAMPO FIJO DE DESCRIPCIÓN FÍSICA--INFORMACIÓN GENERAL |
| campo de control de longitud fija |
ta |
| 008 - DATOS DE LONGITUD FIJA--INFORMACIÓN GENERAL |
| campo de control de longitud fija |
100812s2017 dr ac 000 0 spa d |
| 020 ## - NÚMERO INTERNACIONAL ESTÁNDAR DEL LIBRO |
| Número Internacional Estándar del Libro |
9789945908817 |
| 040 ## - FUENTE DE LA CATALOGACIÓN |
| Centro catalogador/agencia de origen |
DO-SdBNP |
| Lengua de catalogación |
spa |
| Centro/agencia transcriptor |
BNPHU |
| Normas de descripción |
rda |
| 082 #4 - NÚMERO DE LA CLASIFICACIÓN DECIMAL DEWEY |
| Número de edición |
22 |
| 100 1# - ENTRADA PRINCIPAL--NOMBRE DE PERSONA |
| Nombre de persona |
Landolfi, Ciriaco, |
| Fechas asociadas al nombre |
1927- |
| 9 (RLIN) |
24264 |
| Término indicativo de función/relación |
autor |
| 245 10 - MENCIÓN DE TÍTULO |
| Título |
Introducción al estudio de la historia de la cultura dominicana / |
| Mención de responsabilidad, etc. |
Ciriaco Landolfi ; presentación, Álvaro Caamaño. |
| 250 ## - MENCIÓN DE EDICIÓN |
| Mención de edición |
segunda edición |
| 264 ## - PRODUCCIÓN, PUBLICACIÓN, DISTRIBUCIÓN, FABRICACIÓN Y COPYRIGHT |
| Producción, publicación, distribución, fabricación y copyright |
Santo Domingo : |
| Nombre del de productor, editor, distribuidor, fabricante |
Archivo General de la Nación, |
| Fecha de producción, publicación, distribución, fabricación o copyright |
2017. |
| 300 ## - DESCRIPCIÓN FÍSICA |
| Extensión |
457 páginas : |
| Otras características físicas |
ilustraciones, retratos |
| Dimensiones |
23 cm. |
| 336 ## - TIPO DE CONTENIDO |
| Fuente |
rdacontent |
| Término de tipo de contenido |
texto |
| Código de tipo de contenido |
txt |
| 337 ## - TIPO DE MEDIO |
| Fuente |
rdamedia |
| Nombre/término del tipo de medio |
sin mediación |
| Código del tipo de medio |
n |
| 338 ## - TIPO DE SOPORTE |
| Fuente |
rdacarrier |
| Nombre/término del tipo de soporte |
volumen |
| Código del tipo de soporte |
nc |
| 490 ## - MENCIÓN DE SERIE |
| Mención de serie |
Archivo General de la Nación |
| Designación de volumen o secuencia |
307 |
| 500 ## - NOTA GENERAL |
| Nota general |
Incluye datos biográficos del autor en las solapas. |
| 500 ## - NOTA GENERAL |
| Nota general |
Incluye índice onomástico |
| 505 ## - NOTA DE CONTENIDO CON FORMATO |
| Nota de contenido con formato |
Presentación a la segunda edición -- |
| Título |
Unas palabras al umbral -- |
| -- |
Introducción -- |
| -- |
Términos científicos de la cultura y nuestro caso -- |
| -- |
Diferencias entre cultura y civilización -- |
| -- |
Los modos y los medios -- |
| -- |
Autoctonía del patrimonio cultural -- |
| -- |
Supuestos históricos, sociales y culturales en el proceso formativo de la sociedad insular -- |
| -- |
Santo Domingo o la dimensión universal de la historia -- |
| -- |
La factoría colombina y su quiebra -- |
| -- |
La rebelión roldanista -- |
| -- |
-Bobadilla y Obando: dos episodios antagónicos -- |
| -- |
La encomienda -- |
| -- |
-El trazado rectangular de la ciudad de Santo Domingo -- |
| -- |
Adaptación al medio de los presupuestos culturales europeos -- |
| -- |
la Colonia -- |
| -- |
Las instituciones coloniales -- |
| -- |
Raíces africanas del pueblo español -- |
| -- |
La esclavitud de las tres razas en Santo Domingo -- |
| -- |
El paisaje multiétnico fundacional -- |
| -- |
El mestizaje, su labor integradora -- |
| -- |
El areyto: su búsqueda inútil -- |
| -- |
El tesoro de la tradición inicial -- |
| -- |
Una dialéctica de la cultura dominicana -- |
| -- |
Santo Domingo en la óptica de la decadencia española: raíz histórica común y consecuencias culturales diferentes en metrópolis y colonia -- |
| -- |
El siglo XVIII en España y en santo Domingo -- |
| -- |
Basilea: la ruptura del nexo metropolitano, Sus consecuencias -- |
| -- |
La anexión y su fracaso como fábrica cultural postrera de España en Santo Domingo. |
| 590 ## - NOTA LOCAL (RLIN) |
| Nota local |
Inventariado, 2024/BT |
| 700 1# - PUNTO DE ACCESO ADICIONAL--NOMBRE DE PERSONA |
| Nombre de persona |
Caamaño, Álvaro A. |
| Fechas asociadas al nombre |
1951- |
| Término indicativo de función/relación |
presentación |
| 9 (RLIN) |
78208 |
| 942 ## - ELEMENTOS DE PUNTO DE ACCESO ADICIONAL (KOHA) |
| Fuente del sistema de clasificación o colocación |
Dewey Decimal Classification |
| Tipo de ítem Koha |
Libro |
| 956 ## - LOCALIZACIÓN Y ACCESO ELECTRÓNICOS LOCAL (OCLC) |
| Nombre del host |
LOPEREZ |